Komparácia islamského a konvenčného bankového systému
Základné princípy islamských financií. Princípy fungovania islamských a konvenčných bánk. Regulácia a dohľad nad finančnými inštitúciami.
Gespeichert in:
| 1. Verfasser: | |
|---|---|
| Format: | Buchkapitel |
| Sprache: | Slowakisch |
| Schlagworte: | |
| Tags: |
Keine Tags, Fügen Sie das erste Tag hinzu!
|
MARC
| LEADER | 00000naa a2200000 4500 | ||
|---|---|---|---|
| 001 | 0164177 | ||
| 005 | 20231204130928.3 | ||
| 041 | 0 | |a slo | |
| 044 | |a SK | ||
| 245 | 1 | 0 | |a Komparácia islamského a konvenčného bankového systému |c Hussam Musa |
| 520 | |a Základné princípy islamských financií. Princípy fungovania islamských a konvenčných bánk. Regulácia a dohľad nad finančnými inštitúciami. | ||
| 610 | 2 | 0 | |a islam |
| 610 | 2 | 0 | |a bankovníctvo |
| 610 | 2 | 0 | |a služby bankové |
| 610 | 2 | 0 | |a zvyklosti obchodné |
| 610 | 2 | 0 | |a dohľad bankový |
| 100 | 1 | |a Musa, Hussam | |